Statistiques concernant Discographie d'Indila

Cliquez ici pour prendre le quiz!

Statistiques générales

  • Ce quiz a été pris 37 fois
  • Le résultat moyen est 6 sur 20

Statistiques - réponses

HintRéponse% Correct
1Dernière Danse
94%
4S.O.S.
81%
3Love Story
69%
10Mini World
59%
13Parle à ta Tête
50%
11Ainsi Bas la Vida
44%
8Boîte en Argent
41%
5Comme un Bateau
41%
7Ego
41%
6Run Run
41%
12Feuille d'automne
28%
19Dreamin
13%
16Hiro
9%
17Thug Marriage
3%
2Tourner Dans la Vide
3%
18Bye Bye Sonyè
0%
14Criminel
0%
20Garde L'équilibre
0%
15Poussière d'Empire
0%
9Tu ne m'etends pas
0%

Distribution des résultats

Percentile par nombre de réponses

% des personnes avec chaque résultat

Votre développement - résultats

Vous n’avez pas pris ce quiz